000 00719nam a2200217Ia 4500
003 GCL
008 140319s9999 xx 000 0 ara d
040 _aGCL /
_cGCL
082 0 4 _a370.1931
_bل ت
100 1 _aلطفى بركات
245 1 0 _aالتغير الثقافى والتربية فى المملكة العربية السعودية /
_cلطفى بركات
260 _a[S.N] :
_bدار النهضة العربية ،
_c1991
300 _a178 ص
490 _a
650 0 4 _aالتربية
650 0 4 _aالسعودية
650 0 4 _aعلم النفس التربوى
650 0 4 _aالتربويون السعوديون
650 0 4 _aالانتربولوجيا الثقافية
942 _2ddc
_cBK
999 _c27786
_d27786